| 000 | 00566nam a2200229Ia 4500 | ||
|---|---|---|---|
| 003 | OSt | ||
| 005 | 20221005113900.0 | ||
| 006 | a|||||r|||| 00| 0 | ||
| 007 | ta | ||
| 008 | 221004b |||||||| |||| 00| 0 eng d | ||
| 024 | _a56070 | ||
| 037 | _cTextual | ||
| 040 |
_aCRL _cCRL _beng |
||
| 041 |
_2eng _aeng |
||
| 082 | _aV2:1:K0, E2.2 | ||
| 100 | _aAbu-L-Fazl | ||
| 245 | 0 | _aAkbarnama, tr from the Persian by H Beveridge | |
| 260 | _c1912 | ||
| 650 | _aHISTORY | ||
| 942 |
_hV2:1:K0, E2.2 _cTEXL _2cc |
||
| 999 |
_c1029629 _d1029629 |
||